Feuille 6 os - Statistiques

Statistiques générales
  • Ce quiz a été pris 3 fois
  • Le résultat moyen est 48 sur 69
Statistiques - réponses
Hint Réponse % Correct
Nombre de rattrapages 0
100%
Correction à l'oeil droit -0,75
100%
Correction à l'oeil gauche -1,00
100%
Record de Jeaggerbomb 11
100%
Combien de temps je met pour aller au cha ? 17 minutes
100%
Nombre de cours où je suis allé à la fac 2
100%
Je pense à quel nombre ? 67
100%
Je fais quel job étudiant ? Aide opératoire
100%
Magasins préférés dans GTA Ammunation
100%
J'ai perdu quoi en soirée Carte du cha
100%
En quoi ? Chirurgie plastique
100%
Qui joue Creed Bratton ? Creed Bratton
100%
Ma conso habituelle Double Jaeggerbomb
100%
Ma plus grande peur Etre hypofun
100%
Mes idoles Johnny sins
100%
Wilson ! Lo siento
100%
Magasins préférés dans GTA Magasin de chaussures
100%
Serveur préféré du Pep's Maurice
100%
Jeu préféré Minecraft
100%
Du coup j'ai quels défauts de vue Myope
100%
Si un génie me propose 3 voeux je demande Une infinité de voeux
100%
Argent mis sur roblox 11,98€
67%
Qui s'est fait chopé en train de wigmaxx ? Androgenic
67%
Handicaps de mon chat Asthme
67%
Du coup j'ai quels défauts de vue Astigmate
67%
Jeux roblox préférés Attaque sur titan
67%
Mon autre réveil Balle de Tennis
67%
Phrase latine préférée Bonum vinum laetificat cor hominis
67%
Et qui s'est fait judgemogg parce qu'il a alligatormaxx Clavicular
67%
Pire jeu au monde Crusader Kings III
67%
Mon réveil Dark Vador
67%
Jeu de cartes préféré Dutch
67%
Personnage préféré de The Office (nom complet) Dwight Kurt Schrute
67%
Handicaps de mon chat Epilepsie
67%
Elements préférés Feu
67%
Elements préférés Francium
67%
Jeu où je suis le plus fort Grapple's galore
67%
Carte graphique ? GTX 1650
67%
Quel plat est associé à Schrodinger ? Hachis parmentier
67%
Rien ne vaut le pouvoir de l'amitié. A part peut-être... Le chevalier Pierre Terrail de Bayard bloquant à lui seul le passage d'un pont à une meute d'Espagnols stupéfaits
67%
Mes idoles Lockman
67%
Quelques jeux de merde que j'ai Muck
67%
Réplique la plus connue de ce personnage ? Oi Hughie
67%
Quelques jeux de merde que j'ai One-armed cook
67%
Quelques jeux de merde que j'ai One-armed robber
67%
Protéines préférées PAF
67%
Handicaps de mon chat Patte cassée
67%
Gouter préféré Petits écoliers
67%
Jeux roblox préférés Rival de raquettes
67%
Protéines préférées Sonic
67%
Mes idoles Tassawar
67%
Quel meuble n'est pas monté dans ma chambre ? Tiroir
67%
Si un génie me propose 3 voeux je demande Un Tasty Crousty en face de chez moi
67%
J'ai perdu quoi en soirée Veste The North Face
67%
Faute d'orthographe Viol
67%
Personnage préféré de The Boys William Butcher
67%
Nombre de captures d'écran sur mon pc portable 6790
33%
Dernière paire de chaussures achetée Adidas Samba
33%
Elements préférés Antimoine
33%
Si un génie me propose 3 voeux je demande Etre hyperfun
33%
Le prénom de sa mère Hedda
33%
J'ai quelle montre ? Herbelin Newport
33%
Peur du nombre 666 Hexakosioihexekontahexaphobie
33%
What ? Joe Biden
33%
Jeux roblox préférés Low taper fade
33%
Plat préféré l'année dernière au cha Pâtes merguez
33%
Protéines préférées Robotnik
33%
Voiture préférée Walking buddy
33%
Quelques jeux de merde que j'ai Cube racer 2
0%
Aucun quiz correspondant
Distribution des résultats
% des personnes avec chaque résultat
Percentile par nombre de réponses
Votre historique - résultats
Vous n’avez pas pris ce quiz